000 00915nam a2200241 i 4500
001 9064
003 ES-MaACL
005 20230906145609.0
007 t|
008 920617s1992 sp ||||1| spa d
020 _a84-87868-05-3
080 _a338.46
100 1 _aRío Gómez, Clemente del.
_997323
245 1 3 _aLa Evolución de los servicios en España /
_cinforme de investigación realizado por Clemente del Río Gómez.
260 _aMadrid :
_bInstituto de Estudios y Análisis Económicos,
_cD.L. 1992.
300 _aXXII, 265 p. ;
_c24 cm.
490 1 _aInformes del Instituto de Estudios y Análisis Económicos ;
_v3
650 1 4 _aSector servicios-
_zEspaña.
_917004
710 2 _aInstituto de Estudios y Análisis Económicos (Madrid)
_94939
830 0 _aInformes del Instituto de Estudios y Análisis Económicos ;
_v3
_9178322
852 _aES-MaACL
_jL-16464
_bR.120854
999 _c9064
_d9064